| 000 | 00365nam a2200133Ia 4500 | ||
|---|---|---|---|
| 008 | 190216s9999||||xx |||||||||||||| ||und|| | ||
| 100 | _aRoy Mk And Ghosh Dastidar | ||
| 245 | 0 | _aCobol Programming Including Ms Cobol Abd Cobol 85 | |
| 250 | _a2nd Ed. | ||
| 260 |
_bTata Mcgraw Hill Publishing Company Ltd _c1993 |
||
| 300 | _a496 | ||
| 650 | _aComputer | ||
| 942 | _cBK | ||
| 999 |
_c8383 _d8383 |
||